Đi! Đây Việt Bắc!: Hùng ca ; Cổng tỉnh: Thơ ; Người người lớp lớp: Tiểu thuyết

Gespeichert in:
Bibliographische Detailangaben
1. Verfasser: Trần, Dần
Format: Buch
Sprache:Undetermined
Veröffentlicht: Hà Nội Hội Nhà văn 2015
Schlagworte:
Tags: Tag hinzufügen
Keine Tags, Fügen Sie den ersten Tag hinzu!
Thư viện lưu trữ: Trung tâm Học liệu Trường Đại học Cần Thơ
LEADER 00683nam a2200193Ia 4500
001 CTU_210102
008 210402s9999 xx 000 0 und d
082 |a 895.922134 
082 |b D121 
100 |a Trần, Dần 
245 0 |a Đi! Đây Việt Bắc!: Hùng ca ; Cổng tỉnh: Thơ ; Người người lớp lớp: Tiểu thuyết 
245 0 |c Trần Dần 
260 |a Hà Nội 
260 |b Hội Nhà văn 
260 |c 2015 
650 |a Vietnamese literature,Văn học Việt Nam 
650 |y 20th century,Thế kỷ 20 
904 |i Trần Thu Thảo, Trúc 
980 |a Trung tâm Học liệu Trường Đại học Cần Thơ